ბათუმის შოთა რუსთაველის სახელმწიფო უნივერსიტეტის ბიბლიოთეკა

Политика Польши по отношению к странам Южного Кавказа на рубеже XX и XI веков / (ბიბ.ჩანაწერი № 47246)

000 -LEADER
fixed length control field 01157nam a2200241Ia 4500
001 - CONTROL NUMBER
control field 14106
003 - CONTROL NUMBER IDENTIFIER
control field GE_BSU
005 - DATE AND TIME OF LATEST TRANSACTION
control field 20241108155840.0
008 - FIXED-LENGTH DATA ELEMENTS--GENERAL INFORMATION
fixed length control field 181216s2014||||ru |||||||||||||| ||rus||
020 ## - INTERNATIONAL STANDARD BOOK NUMBER
International Standard Book Number 9785917280684
040 ## - CATALOGING SOURCE
Transcribing agency GE_BSU
041 ## - LANGUAGE CODE
Language code of text/sound track or separate title rus
080 ## - UNIVERSAL DECIMAL CLASSIFICATION NUMBER
Universal Decimal Classification number 327(438) Г-64
100 ## - MAIN ENTRY--PERSONAL NAME
Personal name Гомулка, Кристина
9 (RLIN) 23656
245 ## - TITLE STATEMENT
Title Политика Польши по отношению к странам Южного Кавказа на рубеже XX и XI веков /
Statement of responsibility, etc. Кристина Гомулка, Изабелла Боручиньска-Дерешкевич ; Пер. с польского языка Ирина Политаньска.
264 ## - PRODUCTION, PUBLICATION, DISTRIBUTION, MANUFACTURE, AND COPYRIGHT NOTICE
Place of production, publication, distribution, manufacture Калининград :
Name of producer, publisher, distributor, manufacturer [?],
Date of production, publication, distribution, manufacture, or copyright notice 2014.
300 ## - PHYSICAL DESCRIPTION
Extent 278 стр. ;
500 ## - GENERAL NOTE
General note Библиогр. с. 258-278
653 ## - INDEX TERM--UNCONTROLLED
keyword Политика Польши по отношению к странам Южного Кавказа на рубеже XX и XI веков
700 ## - ADDED ENTRY--PERSONAL NAME
Personal name Боручиньска-Дерешкевич,Изабелла
9 (RLIN) 23657
700 ## - ADDED ENTRY--PERSONAL NAME
Personal name Политаньска, Ирина
Titles and other words associated with a name Пер. с польского языка
9 (RLIN) 23658
942 ## - ADDED ENTRY ELEMENTS (KOHA)
Koha item type წიგნი
Source of classification or shelving scheme
ეგზემპლარები
Withdrawn status Lost status Source of classification or shelving scheme Damaged status Not for loan Permanent Location Current Location Shelving location Date acquired Full call number Barcode Date last seen Copy number Price effective from Koha item type
          ბათუმის შოთა რუსთაველის სახელმწიფო უნივერსიტეტის მთავარი ბიბლიოთეკა ბათუმის შოთა რუსთაველის სახელმწიფო უნივერსიტეტის მთავარი ბიბლიოთეკა წიგნსაცავი 2018-12-17 327(438) Г-64 27426 2018-12-17 27426 2018-12-17 წიგნი